000 00238 a2200097 4500
001 52913
100 _aShaw H
245 _aErrors in English & Ways to Correct Them
260 _aNew York
_bBarnes & Noble Books
_c
090 _c33261
_d33261
942 _aNUST-CAE
_cM
_c25849
999 _c287986
_d287986